| 000 | 02871nam0a2200445 4500 | ||
|---|---|---|---|
| 001 | RU\NLR\bibl\1372304 | ||
| 005 | 20250615190754.0 | ||
| 010 |
_a978-5-9914-0055-8 _9500 |
||
| 021 |
_aRU _b2009-23112 _91366 |
||
| 035 | _a(nilc)RSL-KNO-004270743 | ||
| 035 | _a(NLR Aleph) 001364432 | ||
| 090 |
_a1001870 _c1001870 |
||
| 100 | _a20090318d2008 |||y0rusy50 ca | ||
| 101 | 0 | _arus | |
| 102 | _aRU | ||
| 105 | _ay ||||||||| | ||
| 200 | 1 |
_aПолитические партии России в борьбе за власть (1905-1922 г.) _fС.В. Холяев |
|
| 210 |
_aЯрославль _cИзд-во ЯГТУ _d2008 |
||
| 215 |
_a248 с. _d20 |
||
| 320 | _aБиблиогр.: с. 220-248 | ||
| 606 | 1 |
_aПолитические партии _xИстория _yРоссия _z1905 - 1922 _92578889 _3RU\NLR\auth\661524647 |
|
| 610 | 0 | _aПолитические партии -- Политические партии отдельных стран -- Политические партии, существовавшие на территории СССР | |
| 610 | 0 | _aПолитические партии -- Коммунистические и рабочие партии -- КПСС -- История | |
| 610 | 0 | _aИстория. Исторические науки -- Россия -- Период империализма (2 пол. 90-х гг. 19 в.-1917 г.) -- Классовая борьба. Общественно-политические движения -- Политические партии и организации | |
| 610 | 0 | _aИстория. Исторические науки -- СССР -- Период победы пролетарской революции и построения социализма в СССР (1917-1937) -- Классовая борьба -- Контрреволюция и борьба с ней -- Контрреволюционные партии и организации | |
| 610 | 0 | _aИстория. Исторические науки -- СССР -- Период победы пролетарской революции и построения социализма в СССР (1917-1937) -- Политический строй. Общественно-политические организации. Политическая активность трудящихся -- Коммунистическая партия | |
| 686 |
_aФ69(2),02 _2rubbk |
||
| 686 |
_aФ61(2)2,02 _2rubbk |
||
| 686 |
_aТ3(2)52-48,02 _2rubbk |
||
| 686 |
_aТ3(2)71-496,02 _2rubbk |
||
| 686 |
_aТ3(2)71-30,02 _2rubbk |
||
| 686 | _aФ69(2) | ||
| 700 | 1 |
_aХоляев _bС. В. _gСергей Владимирович _4070 |
|
| 801 | 0 |
_aRU _bРКП _c20090318 _grcr |
|
| 801 | 1 |
_aRU _bРГБ _c20090318 |
|
| 801 | 2 |
_aRU _bNLR _c20090521 _grcr |
|
| 830 | _aавт. по ЭК | ||
| 942 | _cBOOK | ||
| 980 | _aNB | ||